| 000 | 00778cam a2200241 a 4500 | ||
|---|---|---|---|
| 001 | 17834418 | ||
| 005 | 20150505150902.0 | ||
| 008 | 130801s2013 enka frb 000 0 eng d | ||
| 020 | _a9781856178532 (paperback) | ||
| 020 | _a1856178536 (paperback) | ||
| 040 |
_aDLC _beng _cDLC _dEG-ScBUE |
||
| 082 | 0 | 4 |
_222 _bAMA _a622.3382 |
| 100 | 1 |
_aAmado, Luiz. _937848 |
|
| 245 | 1 | 0 |
_aReservoir exploration and appraisal / _cLuiz Amado. |
| 260 |
_aOxford ; _aWaltham : _bGulf Professional Publishing / Elsevier, _c2013. |
||
| 300 |
_axvi, 156 p. : _bill. ; _c23 cm. |
||
| 504 | _aBibliography : p. [157] | ||
| 650 | 7 |
_aOil reservoir engineering. _2BUEsh _919804 |
|
| 650 | 7 |
_aGas reservoirs. _2BUEsh _924686 |
|
| 653 |
_bENGGEN _cMay2015 |
||
| 655 |
_vreading book _934232 |
||
| 942 | _2ddc | ||
| 999 |
_c19282 _d19254 |
||